00638nam a2200181Ia 4500003000900000008004100009040001600050080002200066245011400088260007700202300002300279650004100302650002900343650001900372700002400391700001800415700002300433IN-BaIIA211028s9999 xx 000 0 eng d cIIA Library a082.2:52bIAU-C42 4aThe interaction of variable stars with their environmentcedited by R. Kippenhahn, J. Rahe and W. Strohmeier. aBambergbAstronomisches Institut Der Universitat Erlangen-Nurnbergc1977 a[various pagings.] aAstronomy and astrophysics thesaurus aInteracting binary stars aVariable stars aKippenhahn, R., ed. aRahe, J., ed. aStrohmeier, W.,ed.